| 000 | 00585nam a22001937a 4500 | ||
|---|---|---|---|
| 003 | KOHA_MİRAKIL | ||
| 005 | 20251111124714.0 | ||
| 008 | 251111b tu ||||| |||| 00| 0 tur d | ||
| 020 | _a9786258055016 | ||
| 040 |
_aTR-AnABB _btur _cTR-AnABB |
||
| 041 | _atur | ||
| 082 |
_a950.2 _bOGU 2021 |
||
| 100 | 1 | _aOğuz, Anıl Yasin, | |
| 245 | 1 | 0 |
_aÇinli Zhang Dehui'in Prens Kubilay'ın yaz kampına yolculuğu / _cAnıl Yasin Oğuz |
| 260 |
_aİstanbul : _bKitabevi Yayınları, _c2021 |
||
| 300 |
_a242 sayfa ; _c21 cm |
||
| 650 | 0 | 4 | _aTürk edebiyatı, roman |
| 942 |
_2ddc _cBK |
||
| 999 |
_c9349 _d9349 |
||
| 900 | _bGizem YORULMAZ | ||